Policy issues in the early years / (Record no. 1921)

MARC details
000 -LEADER
fixed length control field 00704nam a22002057a 4500
005 - DATE AND TIME OF LATEST TRANSACTION
control field 20230321073350.0
008 - FIXED-LENGTH DATA ELEMENTS--GENERAL INFORMATION
fixed length control field 230321b |||||||| |||| 00| 0 eng d
020 ## - INTERNATIONAL STANDARD BOOK NUMBER
International Standard Book Number 978-0-85702-963-8
082 ## - DEWEY DECIMAL CLASSIFICATION NUMBER
Classification number G.S. 372.21 P766 2012
100 ## - MAIN ENTRY--PERSONAL NAME
Personal name Miller, Linda
Relator term editor
245 ## - TITLE STATEMENT
Title Policy issues in the early years /
Statement of responsibility, etc. edited by Linda Miller, Denise Hevey
260 ## - PUBLICATION, DISTRIBUTION, ETC.
Place of publication, distribution, etc. London:
Name of publisher, distributor, etc. SAGE Publication,
Date of publication, distribution, etc. c2012.
300 ## - PHYSICAL DESCRIPTION
Extent xiii, 184p.:
Other physical details ill.
490 ## - SERIES STATEMENT
Series statement Critical issues in the early years series
504 ## - BIBLIOGRAPHY, ETC. NOTE
Bibliography, etc. note Includes bibliographical references and index
541 ## - IMMEDIATE SOURCE OF ACQUISITION NOTE
Accession number 3616
650 ## - SUBJECT ADDED ENTRY--TOPICAL TERM
Topical term or geographic name entry element Early childhood education - Strategic aspects
650 ## - SUBJECT ADDED ENTRY--TOPICAL TERM
Topical term or geographic name entry element Early childhood education
700 ## - ADDED ENTRY--PERSONAL NAME
Personal name Hevey, Denise
Relator term editor
Holdings
Withdrawn status Lost status Source of classification or shelving scheme Damaged status Not for loan Home library Current library Date acquired Total Checkouts Full call number Barcode Date last seen Copy number Price effective from Koha item type
    Dewey Decimal Classification     ctu-moalboal ctu-moalboal 06/17/2014   G.S. 372.21 P766 2012 3616 03/21/2023 1 03/21/2023 Books - Graduate School